Catálogo público

Cultivo hidropónico de Lilium (Azucena) : (Record no. 218211)

MARC details
000 -CABECERA
campo de control de longitud fija 00790 a2200229 4500
003 - IDENTIFICADOR DEL NÚMERO DE CONTROL
campo de control OSt
005 - FECHA Y HORA DE LA ÚLTIMA TRANSACCIÓN
campo de control 20230623102053.0
008 - DATOS DE LONGITUD FIJA--INFORMACIÓN GENERAL
campo de control de longitud fija 230201s2016 mx a|||f |||| 001 0 spa d
020 ## - NÚMERO INTERNACIONAL ESTÁNDAR DEL LIBRO
Número Internacional Estándar del Libro 9786071725837
040 ## - FUENTE DE LA CATALOGACIÓN
Centro/agencia transcriptor CHAP
082 ## - NÚMERO DE LA CLASIFICACIÓN DECIMAL DEWEY
Número de edición 22
Número de clasificación 635.9485
Número de documento/Ítem C96
245 00 - MENCIÓN DE TÍTULO
Título Cultivo hidropónico de Lilium (Azucena) :
Resto del título para flor de corte y en maceta /
Mención de responsabilidad, etc. por Humberto Rodríguez Fuentes...[ y otros tres]
264 #1 - PRODUCCIÓN, PUBLICACIÓN, DISTRIBUCIÓN, FABRICACIÓN Y COPYRIGHT
Producción, publicación, distribución, fabricación y copyright México:
Nombre del de productor, editor, distribuidor, fabricante Trillas,
Fecha de producción, publicación, distribución, fabricación o copyright 2016.
300 ## - DESCRIPCIÓN FÍSICA
Extensión 109 páginas:
Otras características físicas Ilustraciones, cuadros
504 ## - NOTA DE BIBLIOGRAFÍA, ETC.
Nota de bibliografía, etc. Incluye índice y bibliografía
650 #4 - PUNTO DE ACCESO ADICIONAL DE MATERIA--TÉRMINO DE MATERIA
9 (RLIN) 66771
Término de materia o nombre geográfico como elemento de entrada Lilium
Subdivisión general Variedades
650 #4 - PUNTO DE ACCESO ADICIONAL DE MATERIA--TÉRMINO DE MATERIA
9 (RLIN) 144890
Término de materia o nombre geográfico como elemento de entrada Plantas
Subdivisión general Cultivo sin tierra
650 #4 - PUNTO DE ACCESO ADICIONAL DE MATERIA--TÉRMINO DE MATERIA
9 (RLIN) 89057
Término de materia o nombre geográfico como elemento de entrada Plantas ornamentales
700 0# - PUNTO DE ACCESO ADICIONAL--NOMBRE DE PERSONA
9 (RLIN) 98492
Nombre de persona Rodríguez Fuentes, Humberto
942 ## - ELEMENTOS DE PUNTO DE ACCESO ADICIONAL (KOHA)
Tipo de ítem Koha
Fuente del sistema de clasificación o colocación Dewey Decimal Classification
260 ## - PUBLICACIÓN, DISTRIBUCIÓN, ETC.
Lugar de publicación, distribución, etc. México:
Nombre del editor, distribuidor, etc. Trillas,
Fecha de publicación, distribución, etc. 2016.
Holdings
Estado de retiro Estado de pérdida Fuente del sistema de clasificación o colocación Estado dañado Restricciones de uso No para préstamo Código de colección Localización permanente Ubicación/localización actual Ubicación en estantería Fecha de adquisición Total de préstamos Signatura topográfica completa Código de barras Fecha visto por última vez Precio válido a partir de Tipo de ítem Koha Número de copia
    Dewey Decimal Classification   Préstamo 15 días   General Biblioteca Central Biblioteca Central Planta principal - Colección General 21/06/2023   635.9485 C96 33724002576207 21/06/2023 21/06/2023 Libro  
    Dewey Decimal Classification   Préstamo 15 días   General Biblioteca Central Biblioteca Central Planta principal - Colección General 21/06/2023   635.9485 C96 33724002576248 21/06/2023 21/06/2023 Libro c.2